Physics for science and engineering students, (Record no. 544201)

000 -LEADER
fixed length control field 00457nam a22001451 4500
082 00 - DEWEY DECIMAL CLASSIFICATION NUMBER
Classification number 530.02462
Author Mark FUR
-- L-6, P-37
100 1# - MAIN ENTRY--PERSONAL NAME
Personal name Furry, W. H.
9 (RLIN) 39766
245 10 - TITLE STATEMENT
Title Physics for science and engineering students,
Statement of responsibility, etc. by W.H. Furry, E.M. Purcell, and J.C. Street.
260 ## - PUBLICATION, DISTRIBUTION, ETC.
Place of publication, distribution, etc. New York,
Name of publisher, distributor, etc. Blakiston
Date of publication, distribution, etc. [1952]
300 ## - PHYSICAL DESCRIPTION
Extent viii, 694 p.
Other physical details illus.
Dimensions 26 cm.
526 ## - STUDY PROGRAM INFORMATION NOTE
Program name 0
Interest level 0
Reading level 0
Title point value 530_024620000000000_FUR
650 #0 - SUBJECT ADDED ENTRY--TOPICAL TERM
Topical term or geographic name entry element MCE
9 (RLIN) 379
650 #0 - SUBJECT ADDED ENTRY--TOPICAL TERM
Topical term or geographic name entry element Physics.
942 ## - ADDED ENTRY ELEMENTS (KOHA)
Source of classification or shelving scheme
Koha item type Book
Holdings
Withdrawn status Lost status Source of classification or shelving scheme Damaged status Not for loan Permanent Location Current Location Date acquired Total Checkouts Full call number Barcode Date last seen Price effective from Koha item type
          Military College of Engineering (MCE) Military College of Engineering (MCE) 04/15/2014   530.02462 FUR MCE-741 04/15/2014 04/15/2014 Book
© 2023 Central Library, National University of Sciences and Technology. All Rights Reserved.